| 000 | 01124nam a22001937a 4500 | ||
|---|---|---|---|
| 003 | JO-AjAnu | ||
| 005 | 20240918114425.0 | ||
| 008 | 240918b jo ||||| |||| 00| 0 ara d | ||
| 040 |
_aJO-AjAnu _cJO-AjAnu |
||
| 041 | _aara | ||
| 100 | 1 |
_aالصمادي، مصطفى حسين مصطفى _966205 _eمعد |
|
| 245 | 0 |
_aاثر المهارات الناعمة في تطوير الخدمات في شركات الاتصالات العاملة في الأردن = The impact of Soft Skill Developing Services at Telecomminications Companies in jordan / _cإعداد مصطفى حسين مصطفى الصمادي ؛ إشراف نضال فواز حسين القضاة |
|
| 260 | _c2024 | ||
| 300 | _a96 ورقة | ||
| 500 | _aرسالة جامعية (ماجستير) .- جامعة عجلون الوطنية (عجلون، الأردن)، كلية الأعمال ، قسم تخصص إدارة الأعمال ، 2024 | ||
| 650 | 7 | 0 |
_aشركات الاتصالات- الأردن - ادارة المهارات الناعمة _966207 |
| 700 |
_aالقضاة، نضال فواز حسين _964939 _eمشرف |
||
| 942 |
_2lcc _cTHS _n0 |
||
| 999 |
_c33684 _d33684 |
||